| 000 | 00725nam a22002057a 4500 | ||
|---|---|---|---|
| 003 | NALT | ||
| 005 | 20241119143654.0 | ||
| 008 | s2533 th tha d | ||
| 040 | _aNALT | ||
| 041 | _atha | ||
| 050 | _aPL4209 ส64ล831 2533 | ||
| 100 | 0 | _aเล่าชวนหัว | |
| 245 | 1 | 0 |
_aชำแหละกึ๋นเล่าปี่ / _cเล่าชวนหัว |
| 260 |
_aกรุงเทพฯ : _bเคล็ดไทย, _c2533 |
||
| 300 |
_a222 หน้า : _b ภาพประกอบ ; _c 19 ซม. |
||
| 650 | 0 | 4 | _aสามก๊ก -- ตัวละคร |
| 850 | _aNALT | ||
| 942 |
_cGB _2lcc |
||
| 999 |
_c41309 _d41309 |
||
| 998 |
_j111 _k นางสาวพจพิณ พรมเอี่ยม |
||